Paroles - Andalouse - Kendji Girac - Statistiques

Statistiques générales
  • Ce quiz a été pris 1 907 fois
  • Le résultat moyen est 239 sur 278
Statistiques - réponses
Réponse % Correct
a
99%
Tu
98%
tu
98%
belle
97%
dans
97%
le
97%
Le
97%
ma
97%
te
97%
Toi
97%
toi
97%
Andalouse
96%
aussi
95%
jalouse
95%
Je
95%
je
95%
la
95%
que
95%
Tes
95%
tes
95%
bouges
94%
Quand
94%
quand
94%
épaules
92%
Espagnole
91%
peau
90%
de
89%
Et
89%
et
89%
tête
89%
danses
88%
perds
88%
nord
87%
plus
87%
ça
86%
c'est
86%
C'est
86%
des
86%
Des
86%
l'amour
85%
temps
84%
autour
83%
monde
83%
s'arrête
83%
soir
83%
sur
83%
peut-être
82%
airs
81%
lèvres
81%
Oh
81%
Danser
80%
rouges
80%
balances
79%
cheveux
79%
pas
79%
puis
79%
un
79%
viens
79%
Baila
78%
n'a
78%
d'importance
77%
guitares
77%
me
77%
n'vois
77%
t'ai
77%
les
76%
noirs
76%
as
75%
Comme
75%
comme
75%
feu
74%
reste
74%
soleil
73%
yeux
71%
coeur
66%
une
63%
brûlant
61%
froid
60%
se
60%
chaud
59%
reveilles
58%
sud
58%
d'orient
57%
qui
57%
voix
57%
reine
56%
voir
56%
bouger
55%
sourire
55%
Il
53%
J'aime
53%
corps
50%
brûles
49%
lumière
49%
mes
49%
n'y
49%
Ton
49%
bousculent
44%
pensées
43%
Regard
42%
m'éclaires
40%
ondule
39%
ébène
38%
Déjà
29%
Aucun quiz correspondant
Distribution des résultats
% des personnes avec chaque résultat
Percentile par nombre de réponses
Votre historique - résultats
Vous n’avez pas pris ce quiz